Largest Cities on Grand Trunk Road on a Map - Statistics

General Stats
  • This quiz has been taken 22 times
  • The average score is 15 of 30
Answers on the Map
Answers color-coded by a green-red scale on the quiz's map according to % correct below.
 
Answer Stats
Cities Pop. % Correct
Delhi 16.35 mil
100%
Chittagong 3.23 mil
95%
Dhaka 10.3 mil
95%
Kolkata 14.06 mil
95%
Lahore 13 mil
95%
Kabul 4.43 mil
90%
Agra 1.76 mil
86%
Islamabad 1.11 mil
86%
Rawalpindi 3.36 mil
71%
Peshawar 1.91 mil
67%
Amritsar 1.18 mil
62%
Kanpur 2.92 mil
57%
Gujranwala 2.51 mil
43%
Ludhiana 1.62 mil
43%
Varanasi 1.43 mil
43%
Aligarh 911k
33%
Ghaziabad 2.38 mil
33%
Jalandhar 874k
33%
Prayagraj 1.21 mil
33%
Asansol 1.24 mil
29%
Dhanbad 1.2 mil
29%
Rajshahi 553k
29%
Durgapur 581k
24%
Bardhaman 347k
19%
Firozabad 604k
19%
Panipat 445k
14%
Cumilla 440k
10%
Malda 314k
10%
Wah Cantt. 401k
10%
Gujrat 574k
5%
No matching quizzes found
Score Distribution
Percent of People with Each Score
Percentile by Number Answered
Your Score History
You have not taken this quiz